Soft Drinks Close-Up II Quiz Stats

 Plays Quiz Updated Nov 19, 2014

Challenge
Share
Tweet
Score 0/20 Timer 03:00
4 Plays Today
Hint Answer % Correct
A & W Root Beer
91.6%
Minute Maid Lemonade
89.5%
Diet Mountain Dew
89%
Orange Crush
86%
Coca-Cola Cherry
82.9%
Mello Yello
82.9%
Tab
76.2%
Pibb Xtra
73.1%
Hawaiian Punch
69.6%
Arizona Iced Tea
59.1%
Hint Answer % Correct
Vault
58%
Jolt Cola
54.9%
Diet Rite
53.2%
Welch's Grape Soda
49.8%
NOS
44.4%
Surge
30.1%
Orangina
25.5%
Blackberry Izze
19.5%
Hansen's
16.7%
Big Red
14.1%

You're not logged in!

Compare scores with friends on all Sporcle quizzes.
Join for Free
OR
Log In

You Might Also Like...

Show Comments

Extras

Top Quizzes Today


Score Distribution

Your Account Isn't Verified!

In order to create a playlist on Sporcle, you need to verify the email address you used during registration. Go to your Sporcle Settings to finish the process.

Report this User

Report this user for behavior that violates our Community Guidelines.

Details: